Famous Buildings - Pictures - Statistics

General Stats
  • This quiz has been taken 145 times
  • The average score is 10 of 20
Answer Stats
Picture Hint Answer % Correct
Sydney Sydney Opera House
88%
Arlington The Pentagon
83%
London Buckingham Palace
81%
New York Empire State Building
80%
Agra Taj Mahal
79%
London The Shard
69%
Athens Parthenon
64%
Dubai Burj Khalifa
60%
New York Chrysler Building
59%
Barcelona Sagrada Familia
58%
Moscow St. Basils Cathedral
56%
Kuala Lumpur Twin Towers / Petronas
52%
Vatican St. Peter's Basilica
47%
Germany Cologne Cathedral
44%
Delhi Lotus Temple
35%
Istanbul The Blue Mosque
34%
New York The Flat Iron Building
30%
Lhasa Potala Palace
14%
Java Borobudur Temple
11%
Mexico City Metropolitan Cathedral
4%
No matching quizzes found
Score Distribution
Percent of People with Each Score
Percentile by Number Answered
Your Score History
You have not taken this quiz